La llorona = (Record no. 21110)

MARC details
000 -LEADER
fixed length control field 02217cam a2200517 a 4500
001 - CONTROL NUMBER
control field sjds286611
003 - CONTROL NUMBER IDENTIFIER
control field sjds
005 - DATE AND TIME OF LATEST TRANSACTION
control field 20200217191240.0
008 - FIXED-LENGTH DATA ELEMENTS--GENERAL INFORMATION
fixed length control field 040604t20042004txua j 000 0 eng
010 ## - LIBRARY OF CONGRESS CONTROL NUMBER
LC control number 2004013368
020 ## - INTERNATIONAL STANDARD BOOK NUMBER
International Standard Book Number 0938317865 (alk. paper)
020 ## - INTERNATIONAL STANDARD BOOK NUMBER
International Standard Book Number 9780938317869 (pbk.)
020 ## - INTERNATIONAL STANDARD BOOK NUMBER
International Standard Book Number 9780938317395 (pbk.)
035 ## - SYSTEM CONTROL NUMBER
System control number (OCoLC)56012836
040 ## - CATALOGING SOURCE
Original cataloging agency DLC
Transcribing agency DLC
Modifying agency IG#
-- LF8
-- BAKER
-- IFA
-- UtOrBLW
041 0# - LANGUAGE CODE
Language code of text/sound track or separate title eng
-- spa
049 ## - LOCAL HOLDINGS (OCLC)
Holding library IFAA
099 ## - LOCAL FREE-TEXT CALL NUMBER (OCLC)
Classification number CHILDREN ESPANOL 398.2 HAYES
100 1# - MAIN ENTRY--PERSONAL NAME
Personal name Hayes, Joe.
245 13 - TITLE STATEMENT
Title La llorona =
Remainder of title The weeping woman : an Hispanic legend told in Spanish and English /
Statement of responsibility, etc. by Joe Hayes ; illustrated by Vicki Trego Hill & Mona Pennypacker.
246 11 - VARYING FORM OF TITLE
Title proper/short title Weeping woman
250 ## - EDITION STATEMENT
Edition statement Third edition, enlarged.
260 ## - PUBLICATION, DISTRIBUTION, ETC. (IMPRINT)
Place of publication, distribution, etc. El Paso, Tex. :
Name of publisher, distributor, etc. Cinco Puntos Press,
Date of publication, distribution, etc. c2004
264 #1 - PRODUCTION, PUBLICATION, DISTRIBUTION, MANUFACTURE, AND COPYRIGHT NOTICE
Place of production, publication, distribution, manufacture El Paso, Tex. :
Name of producer, publisher, distributor, manufacturer Cinco Puntos Press,
Date of production, publication, distribution, manufacture, or copyright notice [2004]
264 #4 - PRODUCTION, PUBLICATION, DISTRIBUTION, MANUFACTURE, AND COPYRIGHT NOTICE
Date of production, publication, distribution, manufacture, or copyright notice c2004
300 ## - PHYSICAL DESCRIPTION
Extent 32 unnumbered pages :
Other physical details color illustrations ;
Dimensions 26 cm
336 ## - CONTENT TYPE
Content type term text
Content type code txt
Source rdacontent
337 ## - MEDIA TYPE
Media type term unmediated
Media type code n
Source rdamedia
338 ## - CARRIER TYPE
Carrier type term volume
Carrier type code nc
Source rdacarrier
520 ## - SUMMARY, ETC.
Summary, etc. Retells, in parallel English and Spanish text, the traditional Hispanic American tale of a proud and beautiful woman who, in a fit of jealousy, commits a terrible act and then cannot stop weeping for it, even after she is dead.
521 8# - TARGET AUDIENCE NOTE
Target audience note 770
Source Lexile
526 0# - STUDY PROGRAM INFORMATION NOTE
Program name Accelerated Reader
Interest level LG
Reading level 4.3
Title point value 0.5
Public note 18336SP
546 ## - LANGUAGE NOTE
Language note Parallel text in English and Spanish.
650 #0 - SUBJECT ADDED ENTRY--TOPICAL TERM
Topical term or geographic name as entry element Llorona (Legendary character)
Form subdivision Juvenile literature.
650 #0 - SUBJECT ADDED ENTRY--TOPICAL TERM
Topical term or geographic name as entry element Folklore
Geographic subdivision Southwest, New
Form subdivision Juvenile literature.
650 #0 - SUBJECT ADDED ENTRY--TOPICAL TERM
Topical term or geographic name as entry element Folklore
Geographic subdivision Mexico
Form subdivision Juvenile literature.
650 #0 - SUBJECT ADDED ENTRY--TOPICAL TERM
Topical term or geographic name as entry element Spanish language materials
General subdivision Bilingual
Form subdivision Juvenile literature.
650 #7 - SUBJECT ADDED ENTRY--TOPICAL TERM
Topical term or geographic name as entry element Llorona (Personaje legendario)
Form subdivision Literatura juvenil.
Source of heading or term bidex
650 #7 - SUBJECT ADDED ENTRY--TOPICAL TERM
Topical term or geographic name as entry element Folklore
Geographic subdivision Suroeste Nuevo
Form subdivision Literatura juvenil.
Source of heading or term bidex
650 #7 - SUBJECT ADDED ENTRY--TOPICAL TERM
Topical term or geographic name as entry element Folklore
Geographic subdivision México
Form subdivision Literatura juvenil.
Source of heading or term bidex
650 #7 - SUBJECT ADDED ENTRY--TOPICAL TERM
Topical term or geographic name as entry element Materiales bilingües en español
Form subdivision Literatura juvenil.
Source of heading or term bidex
700 1# - ADDED ENTRY--PERSONAL NAME
Personal name Hill, Vicki Trego.
700 1# - ADDED ENTRY--PERSONAL NAME
Personal name Pennypacker, Mona.
856 42 - ELECTRONIC LOCATION AND ACCESS
Materials specified Publisher description
Uniform Resource Identifier <a href="http://www.loc.gov/catdir/enhancements/fy0616/2004013368-d.html">http://www.loc.gov/catdir/enhancements/fy0616/2004013368-d.html</a>
942 ## - ADDED ENTRY ELEMENTS (KOHA)
Koha item type Libro/Book
Holdings
Withdrawn status Lost status Damaged status Not for loan Home library Current library Shelving location Date acquired Inventory number Total Checkouts Total Renewals Full call number Barcode Date last seen Date checked out Price effective from Koha item type Checked out
        Barbudos -- Satellite Barbudos -- Satellite   06/06/2019 Inventory date: 7/7/25       35801589 16/02/2022   06/06/2019 Libro/Book  
        Las Brisas 2 -- Satellite Las Brisas 2 -- Satellite   06/06/2019 Inventory date: 7/4/25     JC 40101608 06/06/2019   06/06/2019 Libro/Book  
        San Juan Del Sur -- Biblioteca San Juan Del Sur -- Biblioteca Children's Area 09/05/2014 Inventory date: 15-5-25 25 1 JC Bilingue 30003488 21/12/2021 09/12/2021 09/05/2014 Libro/Book  
        San Jeronimo -- Satellite San jeronimo   06/06/2019 inventory date: 17-1-25 4   JI 35901813 31/03/2026 31/03/2026 06/06/2019 Libro/Book 05/05/2026
        Zaragoza -- Satellite Zaragoza -- Satellite   06/06/2019         35500947 06/06/2019   06/06/2019 Libro/Book  

Powered by Koha